000
00500nam a2200181Ia 4500
008
090124s9999 xx 000 0 und d
082
_b
45002
100
_a
ठाकूर दिलीप
245
_a
अप्परस्टॉल
250
_a
1
260
_c
2006
300
_a
153
600
_a
ठाकूर दिलीप
630
_a
अप्परस्टॉल
700
_a
ठाकूर दिलीप
730
_a
अप्परस्टॉल
942
_c
BOOK
999
_c
111222
_d
111222